<?xml version="1.0" encoding="UTF-8"?>
<record
    xmlns:xsi="http://www.w3.org/2001/XMLSchema-instance"
    xsi:schemaLocation="http://www.loc.gov/MARC21/slim http://www.loc.gov/standards/marcxml/schema/MARC21slim.xsd"
    xmlns="http://www.loc.gov/MARC21/slim">

  <leader>01422nam a2200229 a 4500</leader>
  <controlfield tag="005">20141020115428.0</controlfield>
  <controlfield tag="008">140130b2008    ck ||||| |||| 00| 0 spa d</controlfield>
  <datafield tag="041" ind1=" " ind2=" ">
    <subfield code="a">spa</subfield>
  </datafield>
  <datafield tag="044" ind1=" " ind2=" ">
    <subfield code="a">ck</subfield>
  </datafield>
  <datafield tag="090" ind1=" " ind2=" ">
    <subfield code="a">IAVH</subfield>
    <subfield code="b">01226</subfield>
  </datafield>
  <datafield tag="100" ind1="1" ind2=" ">
    <subfield code="a">Valbuena-L&#xF3;pez, Mar&#xED;a Saralux</subfield>
    <subfield code="9">6024</subfield>
  </datafield>
  <datafield tag="245" ind1="1" ind2="0">
    <subfield code="a">Estado del arte y l&#xED;nea base de conocimiento par ala definici&#xF3;n de la estructura ecol&#xF3;gica regional EER para la regi&#xF3;n central y Aportes a los lineamientos de pol&#xED;tica para la definici&#xF3;n de la estructura regional EER.</subfield>
    <subfield code="b">Informe final</subfield>
  </datafield>
  <datafield tag="260" ind1=" " ind2=" ">
    <subfield code="a">Bogo&#xE1; : </subfield>
    <subfield code="b">IAvH, </subfield>
    <subfield code="c">2008.</subfield>
  </datafield>
  <datafield tag="300" ind1=" " ind2=" ">
    <subfield code="a">47 p.</subfield>
    <subfield code="c">28 cm.</subfield>
  </datafield>
  <datafield tag="500" ind1=" " ind2=" ">
    <subfield code="a">Contrato No. 08-08-120-0182PS.
Analizar y evaluar el componente ecosist&#xE9;mico y biol&#xF3;gico en herramientas y metodolog&#xED;as paa la planificaci&#xF3;n ecosist&#xE9;mica en diferentes instrumentos de planificaci&#xF3;n territorial y sectorial</subfield>
  </datafield>
  <datafield tag="505" ind1=" " ind2=" ">
    <subfield code="a">Contiene dos documentos resultados de la investigaci&#xF3;n:
Estado del arte y l&#xED;nea base de conocimiento para la definici&#xF3;n de la Estructura Ecol&#xF3;gica Regional-EER para la Regi&#xF3;n Central. Aportes a los lineamientos de pol&#xED;tica para la definici&#xF3;n de la Estructura Ecol&#xF3;gica Regional-EER para la Regi&#xF3;n Central.</subfield>
  </datafield>
  <datafield tag="650" ind1=" " ind2="4">
    <subfield code="a">Planificaci&#xF3;n ecosist&#xE9;mica</subfield>
    <subfield code="x">herramientas</subfield>
    <subfield code="x">meodolog&#xED;as</subfield>
    <subfield code="9">27949</subfield>
  </datafield>
  <datafield tag="650" ind1=" " ind2="4">
    <subfield code="a">Planificaci&#xF3;n territorial</subfield>
    <subfield code="z">Colombia</subfield>
    <subfield code="9">27950</subfield>
  </datafield>
  <datafield tag="650" ind1=" " ind2="4">
    <subfield code="a">Estructura ecol&#xF3;gica regional</subfield>
    <subfield code="9">27951</subfield>
  </datafield>
  <datafield tag="662" ind1=" " ind2=" ">
    <subfield code="a">Colombia</subfield>
    <subfield code="c">Regi&#xF3;n Central</subfield>
  </datafield>
  <datafield tag="942" ind1=" " ind2=" ">
    <subfield code="c">INFORME</subfield>
    <subfield code="2">z</subfield>
  </datafield>
  <datafield tag="999" ind1=" " ind2=" ">
    <subfield code="c">6569</subfield>
    <subfield code="d">6569</subfield>
  </datafield>
  <datafield tag="952" ind1=" " ind2=" ">
    <subfield code="0">0</subfield>
    <subfield code="1">0</subfield>
    <subfield code="2">z</subfield>
    <subfield code="4">0</subfield>
    <subfield code="7">0</subfield>
    <subfield code="8">GENERAL</subfield>
    <subfield code="I">INV2017</subfield>
    <subfield code="a">Bogota</subfield>
    <subfield code="b">Bogota</subfield>
    <subfield code="d">2008-09-08</subfield>
    <subfield code="l">2</subfield>
    <subfield code="m">1</subfield>
    <subfield code="o">IAVH-01226</subfield>
    <subfield code="p">024243</subfield>
    <subfield code="r">2024-08-09 00:00:00</subfield>
    <subfield code="s">2013-05-31</subfield>
    <subfield code="t">Ej. 1</subfield>
    <subfield code="w">2012-12-04</subfield>
    <subfield code="x">Institucional</subfield>
    <subfield code="y">INFORME</subfield>
  </datafield>
</record>
